000 00435nam a2200133Ia 4500
008 220216s9999 xx 000 0 und d
100 _aKalyani Liyanage N M V
245 0 _aRadiation vulcanised natural rubber latex (RVNRL)- A material with less or no protein allergens ?
260 _bBulletin of the Rubber Research Institute of Sri Lanka
_c1999
300 _a33-39
650 _aProtein allergens
650 _aRVNRL
942 _cJS
999 _c66258
_d66258